000
00254nam a22001217a 4500
008
170208b xxu||||| |||| 00| 0 eng d
041
_a
eng
080
_a
61
100
_a
4
101
_a
SHM
245
_a
CLINICS PERINATOLOGY
_c
SIBAL.H
942
_2
udc
_c
BK
999
_c
4889
_d
4889